| 000 | 00877nam a2200229Ia 4500 | ||
|---|---|---|---|
| 001 | 9195 | ||
| 003 | GE_BSU | ||
| 008 | 181216s||||||||xx |||||||||||||| ||und|| | ||
| 040 | _cGE_BSU | ||
| 080 | _a821.353.1–1+821.353.1-32 | ||
| 100 | _aლორთქიფანიძე,კონსტანტინე | ||
| 245 | _aრჩეული ნაწერები ორ ტომად. კოლხეთის ცისკარი. ტ.1 | ||
| 245 | _bკოლხეთის ცისკარი | ||
| 245 | _cრედ.შ.სულაბერიძე,მხატვ.ი.გურო | ||
| 260 | _aთბილისი | ||
| 260 | _bსახელგამი | ||
| 260 | _c1955 | ||
| 300 | _a380გვ.1ფ.პორტრ. ილ.20სმ. | ||
| 653 | _aკოლხეთის ცისკარი | ||
| 653 | _aრომანი | ||
| 942 | _cBK | ||
| 999 |
_c42498 _d42498 |
||